Capital market reform in Asia : (Record no. 72088)

MARC details
000 -LEADER
fixed length control field 01223nam a22002777a 4500
005 - DATE AND TIME OF LATEST TRANSACTION
control field 20121212141917.0
008 - FIXED-LENGTH DATA ELEMENTS--GENERAL INFORMATION
fixed length control field 121212t xxu||||| |||| 00| 0 eng d
010 ## - LCCN (DPL NO)
LC control number ENG-106419
020 ## - INTERNATIONAL STANDARD BOOK NUMBER
International Standard Book Number 9788132107545
Terms of availability 995.00
035 ## - SYSTEM CONTROL NUMBER
System control number EN-89952
037 ## - SOURCE OF ACQUISITION
Source of stock number/acquisition DBAD/PUB
040 ## - CATALOGING SOURCE
Original cataloging agency DPL
Language of cataloging Eng
082 00 - DEWEY DECIMAL CLASSIFICATION NUMBER
Classification number 332.0415095
Edition number 23
245 00 - TITLE STATEMENT
Title Capital market reform in Asia :
Remainder of title towards developed and integrated markets in times of change /
Statement of responsibility, etc edited by Masahiro Kawai [and] Andrew Sheng
260 ## - PUBLICATION, DISTRIBUTION, ETC. (IMPRINT)
Place of publication, distribution, etc New Delhi
Name of publisher, distributor, etc SAGE Publications
Date of publication, distribution, etc 2012
270 ## - ADDRESS
Address B1/I-1 Mohan Cooperative Industrial Area Mathura Road
City New Delhi
Postal code 110044
300 ## - PHYSICAL DESCRIPTION
Extent xxvii,359p.
Dimensions 25cm(Hb)
500 ## - GENERAL NOTE
General note Includes bibliographical references and index.
650 #0 - SUBJECT ADDED ENTRY--TOPICAL TERM
Topical term or geographic name as entry element Capital market
Geographic subdivision Asia.
9 (RLIN) 54237
650 #0 - SUBJECT ADDED ENTRY--TOPICAL TERM
Topical term or geographic name as entry element Finance
Geographic subdivision Asia.
9 (RLIN) 54238
700 1# - ADDED ENTRY--PERSONAL NAME
Personal name Kawai, Masahiro,
Dates associated with a name 1947-
9 (RLIN) 54239
700 1# - ADDED ENTRY--PERSONAL NAME
Personal name Sheng, Andrew.
9 (RLIN) 54240
942 ## - ADDED ENTRY ELEMENTS (KOHA)
Source of classification or shelving scheme Dewey Decimal Classification
Item type English Books
Classification part 332.0415095
Call number suffix CAP
Holdings
Withdrawn status Lost status Source of classification or shelving scheme Damaged status Not for loan Collection code Home library Current library Date acquired Source of acquisition Cost, normal purchase price Total Checkouts Full call number Barcode Date last seen Copy number Cost, replacement price Koha item type
    Dewey Decimal Classification   Not For Loan Non-fiction D.B.Act.Division D.B.Act.Division 12/12/2012 DBAD/PUB 995.00   332.0415095 CAP EN-89952 12/12/2012 1 995.00 English Books

© Delhi Public Library
Hit Counter
free hit counter